| 000 | 02393nam a2200265 a 4500 | ||
|---|---|---|---|
| 001 | 4448 | ||
| 003 | BD-JhCC | ||
| 005 | 20230808110241.0 | ||
| 008 | 171127s1967 enk |||| ||a| 00| 0 eng d | ||
| 020 | _a0192800701 | ||
| 035 | _a(BD-JhCC)4448 | ||
| 040 |
_aBD-JhCC _dBD-JhCC |
||
| 041 | _aeng | ||
| 082 |
_a082 _bQUO 1964 |
||
| 245 |
_aThe Concise Oxford Dictionary Of Quotations / _cOxford University |
||
| 260 |
_aGrate Britain : _bOxford University Press, _c1964. |
||
| 300 |
_a481 p. : _c20 cm. |
||
| 500 | _aAs Emerson once said, "By necessity, by proclivity--and by delight, we all quote." We quote from the Bible and from Shakespeare, from Churchill and Will Rogers, we quote to amuse our friends, to spice our conversation or our writing, to lend authority to what we say. We even quote without knowing whom we quote, saying "love conquers all" (Virgil, The Aeneid) or "damn with faint praise" (Pope, Epistle to Dr. Arbuthnot). In this revised and expanded edition of the Concise Oxford Dictionary of Quotations, you can find (and verify) classic quotes and little known gems--the words of the famous and the notorious, the witty and the wise--in a collection of over 9,000 quotations from more than 2,000 authors. Offering all the authority and accuracy of the acclaimed Oxford Dictionary of Quotations, the Concise now includes recent quotes of the 1990s, as well as new appendices on Sayings of the Nineties, Slogans, and Popular Misquotations. This is a literary banquet, a feast of the finest excerpts of poets and novelists, essayists and historians. From Homer, Shakespeare, and the Bible to the sound-bites of today's politicians and pop stars, this indispensable guide is unceasingly entertaining for the general reader and a highly practical reference for study or speech-writing. Perhaps the most useful feature of this dictionary is a keyword index, for tracing half-remembered quotations to their authors, or finding quotations on a particular subject. An ideal reference for any home or office library, The Concise Oxford Dictionary of Quotations, Revised Edition is a constant source of entertainment and inspiration for public speakers, writers, or anyone else who enjoys a sparkling line or a spirited reply. | ||
| 504 | _aInclude Index | ||
| 650 | _aQuatations | ||
| 650 | _aQuotes | ||
| 710 | _aOxford University | ||
| 942 |
_2ddc _cBK _04 |
||
| 999 |
_c4448 _d4448 |
||